Koho počúva prezident Kiska

Traja kľúčoví spolupracovníci prezidenta Andreja Kisku: Roman Krpelan, Sergej Michalič a Rado Baťo. Čo znamená byť poradcom prezidenta, ako prebieha spolupráca a aký je skutočný vplyv poradcov.

Gespeichert in:
Bibliographische Detailangaben
1. Verfasser: Obradovič, Filip
Format: Buchkapitel
Sprache:Slowakisch
Schlagworte:
Tags: Tag hinzufügen
Keine Tags, Fügen Sie das erste Tag hinzu!

MARC

LEADER 00000naa a2200000 4500
001 0229676
005 20170428094721.2
041 0 |a slo 
044 |a SK 
245 1 0 |a Koho počúva prezident Kiska  |c Filip Obradovič 
520 |a Traja kľúčoví spolupracovníci prezidenta Andreja Kisku: Roman Krpelan, Sergej Michalič a Rado Baťo. Čo znamená byť poradcom prezidenta, ako prebieha spolupráca a aký je skutočný vplyv poradcov. 
610 2 0 |a prezidenti 
610 2 0 |a poradcovia 
610 2 0 |a politika 
610 2 0 |a komunikácia 
610 2 0 |a občania 
610 2 0 |a informácie 
610 2 0 |a zdravotníctvo 
610 2 0 |a školstvo 
610 2 0 |a Slovensko 
100 1 |a Obradovič, Filip